000 00670cab a2200217 4500
001 WB3327-25
008 090401t1997 xxu||||| |||| 00| 0 eng d
035 _a(Sirsi) u79537
041 _aeng
245 _aHousing association shifts focus onto poverty trap
260 _c1997
350 _a0
490 _aHousing Today
_v(40) 3 July 1997, 2(1)
520 _aFocus housing group, a housing association based in Birmingham, is to become the UK`s first "social investment agency".
650 _aHOUSING ASSOCIATIONS
650 _aSOCIAL HOUSING
650 _aSOCIAL INVESTMENT AGENCY
690 _aBlock management
_96220
942 _n0
948 _c10/07/1997
999 _c50007
_d50007